| 000 | 01311nam a2200337 a 4500 | ||
|---|---|---|---|
| 001 | vtls001439205 | ||
| 003 | NLI | ||
| 005 | 20210627122023.0 | ||
| 008 | 121130s1992 ii 000 0 eng | ||
| 020 | _cRs. 20.00 (pbk.) | ||
| 039 | 9 |
_a201810201640 _bPravinbp _y201211301646 _zVLOAD |
|
| 040 |
_aNLI _beng _cDatasoft_GENG _eAACR2 |
||
| 041 | 0 | _aeng | |
| 044 | _aii | ||
| 082 | 0 | 4 |
_a294.5922046 _223 |
| 100 | 1 |
_aMaheshwari, S. D. _9760643 |
|
| 240 | 1 | 0 |
_aRāmāyaṇa kā gūḍha rahasya. _lHindi |
| 245 | 1 | 4 |
_aThe esoteric meaning of the ramayan : _bbeing an English translation of the original written and published in hindi under the title Ramayan Ka Gurh Rahasya in 1952 by S. D. Maheshwari, M. Sc., personal assistant to Babuji Maharaj |
| 260 |
_aAgra, India : _bSoami Bagh, _c1992. |
||
| 300 |
_a342 p. ; _c21 cm. |
||
| 630 | 0 | 0 |
_aRamayana _xCriticism, interpretation, etc _9741946 |
| 650 | 0 |
_aHinduism _xSacred books _9677149 |
|
| 650 | 0 |
_aRama (Hindu deity) _9790954 |
|
| 887 | _aPravinbp2 | ||
| 901 |
_aDB63075 _b22.02.1993 |
||
| 902 | _aE 294.5922046 M 277 | ||
| 904 | _aPravinbp2 | ||
| 949 |
_AVIRTUAITEM _D10000 _X100 _6DBA000063075ENG |
||
| 942 |
_2ddc _cBKS |
||
| 999 |
_aVIRTUA40 _c891777 _d891777 |
||
| 999 | _aVTLSSORT0080*0200*0400*0410*0440*0820*1000*2400*2450*2600*3000*6300*6500*6501*9010*9020*9040*9490*9992 | ||